Statistics for Random Country Shapes are Overlapped

Click here to take the quiz!

General Stats

  • This quiz has been taken 638 times
  • The average score is 3 of 5

Answers on the Map

Answers color-coded by a green-red scale on the quiz's map according to % correct below.
 

Answer Stats

Country% Correct
Afghanistan
100%
Andorra
100%
Angola
100%
Armenia
100%
Australia
100%
Bahamas
100%
Bahrain
100%
Belarus
100%
Bolivia
100%
Botswana
100%
Canada
100%
China
100%
Cyprus
100%
Democratic Republic
of the Congo
100%
Dominica
100%
East Timor
100%
Egypt
100%
Eritrea
100%
Fiji
100%
Finland
100%
Greece
100%
Guatemala
100%
Guyana
100%
Honduras
100%
Iceland
100%
Iran
100%
Italy
100%
Jamaica
100%
Jordan
100%
Kenya
100%
Kyrgyzstan
100%
Libya
100%
Madagascar
100%
Mauritania
100%
Mexico
100%
Monaco
100%
Mozambique
100%
Namibia
100%
Nauru
100%
Nepal
100%
Norway
100%
Oman
100%
Papua New Guinea
100%
Poland
100%
Portugal
100%
Romania
100%
Serbia
100%
Sierra Leone
100%
Singapore
100%
Somalia
100%
South Africa
100%
Spain
100%
Sudan
100%
Tunisia
100%
Turkey
100%
Uganda
100%
United States
100%
Vatican City
100%
Venezuela
100%
Yemen
100%
Cuba
89%
Austria
88%
Bhutan
86%
Denmark
86%
Ireland
86%
Israel
86%
Argentina
83%
France
83%
Luxembourg
83%
Mali
83%
Saudi Arabia
83%
United Arab Emirates
83%
Albania
80%
Barbados
80%
India
80%
Iraq
80%
Kuwait
80%
Morocco
80%
Slovakia
80%
Germany
78%
Uzbekistan
78%
Algeria
75%
Bosnia and
Herzegovina
75%
Cambodia
75%
Chile
75%
Croatia
75%
Ecuador
75%
Federated States of
Micronesia
75%
Guinea-Bissau
75%
Lebanon
75%
Mongolia
75%
Paraguay
75%
Republic of the Congo
75%
Russia
75%
Suriname
75%
Syria
75%
Taiwan
75%
Thailand
75%
Turkmenistan
75%
Tanzania
71%
Benin
67%
Bulgaria
67%
Cameroon
67%
Chad
67%
Comoros
67%
Ethiopia
67%
Ghana
67%
Haiti
67%
Japan
67%
Kazakhstan
67%
Lesotho
67%
Liechtenstein
67%
Marshall Islands
67%
Myanmar
67%
Netherlands
67%
New Zealand
67%
Niger
67%
Nigeria
67%
Switzerland
67%
Tajikistan
67%
Uruguay
67%
Antigua and Barbuda
60%
Colombia
60%
Malaysia
60%
Malta
60%
Nicaragua
60%
South Korea
60%
Sri Lanka
60%
Equatorial Guinea
57%
Hungary
57%
Azerbaijan
50%
Belgium
50%
Burundi
50%
Djibouti
50%
El Salvador
50%
Gabon
50%
Georgia
50%
Grenada
50%
Kosovo
50%
Laos
50%
Latvia
50%
Liberia
50%
Maldives
50%
North Korea
50%
Pakistan
50%
Palau
50%
Panama
50%
Peru
50%
Philippines
50%
Qatar
50%
Saint Lucia
50%
Senegal
50%
South Sudan
50%
Ukraine
50%
United Kingdom
50%
Vietnam
50%
Bangladesh
43%
Seychelles
43%
Belize
40%
Montenegro
40%
Samoa
40%
Togo
40%
Trinidad and Tobago
40%
Brunei
33%
Burkina Faso
33%
Czech Republic
33%
Estonia
33%
Eswatini
33%
Kiribati
33%
San Marino
33%
Solomon Islands
33%
Tonga
33%
Tuvalu
33%
Vanuatu
33%
Zimbabwe
33%
Cape Verde
25%
Sweden
25%
Costa Rica
20%
North Macedonia
20%
Saint Vincent and the
Grenadines
20%
Rwanda
17%
São Tomé and Príncipe
17%
Brazil
0%
Central African Republic
0%
Dominican Republic
0%
Gambia
0%
Guinea
0%
Indonesia
0%
Ivory Coast
0%
Lithuania
0%
Malawi
0%
Mauritius
0%
Moldova
0%
Saint Kitts and Nevis
0%
Slovenia
0%
Zambia
0%

Score Distribution

Percentile by Number Answered

Percent of People with Each Score

Your Score History

You have not taken this quiz